Statystyki dla Męskie Imiona na literę J

Kliknij tutaj aby rozwiązać quiz!

Ogólne statystyki

  • Ten quiz został rozwiązany 187 razy
    (167 od ostatniego zresetowania)
  • Średni wynik to 10 z 26

Statystyki odpowiedzi

Imiona% Poprawnych
Jan
95%
Jarosław
84%
Jerzy
75%
Janusz
71%
Julian
65%
Jacek
64%
Jeremi
61%
Juliusz
60%
Jakub
59%
Józef
54%
Jeremiasz
46%
Jędrzej
40%
Jonasz
40%
Joachim
27%
Justyn
25%
January
22%
Jaromir
22%
Jacenty
18%
Jordan
17%
Jarema
11%
Jarogniew
11%
Joszko
6%
Jozue
6%
Jaśmin
3%
Jarosz
2%
Jędrzych
0%

Rozkład punktacji

Percentyl według liczby udzielonych odpowiedzi

Procent ludzi z każdym wynikiem

Twoja historia wyników

Nie rozwiązałeś tego quizu od ostatniego zresetowania